000 00411nam a2200181Ia 4500
005 20240823044227.0
008 240823s9999||||xx |||||||||||||| ||und||
041 _aENGLISH
082 _A420 P6
100 _aOryes
245 2 _aA Technical English Work Book
250 _a1st
260 _c2006
_bBharathi Pathi
500 _aTRANSFERED
650 _aWork Book
_bEnglish
942 _cBK
999 _c212069
_d212069